Associez ces personnalités à leur pseudo - Clic Quiz - Statistiques

Statistiques générales
  • Ce quiz a été pris 410 fois
  • Le résultat moyen est 10 sur 20
Statistiques - réponses
Hint Réponse % Correct
Jean-Philippe Smet Johnny Hallyday
83%
Ghandi Djuna Gims
64%
Stefani Germanotta Lady Gaga
59%
Norma Jeane Baker Marilyn Monroe
59%
Mohamed Benyamna Booder
58%
David Coscas McFly
58%
Iolanda Gigliotti Dalida
57%
Annie Chancel Sheila
56%
Saïd M'Roumbaba Soprano
52%
Jacques Essebag Arthur
51%
Anne Peichert Louane
51%
Paul Van Haver Stromae
51%
François-Marie Arouet Voltaire
49%
Charlotte Gonin Vitaa
47%
Reginald Dwight Elton John
44%
Alecia Moore Pink
39%
Aurore Dupin George Sand
38%
Gordon Sumner Sting
38%
Anthony Lambert Jarry
32%
Victor Solaro Artus
29%
Aucun quiz correspondant
Distribution des résultats
% des personnes avec chaque résultat
Percentile par nombre de réponses
Votre historique - résultats
Vous n’avez pas pris ce quiz